Sadzobník pre navrhovanie ponukových cien projektových prác a inžinierskych činností : Novela 2008
Guardado en:
| Formato: | Libro |
|---|---|
| Publicado: |
Bratislava :
UNIKA,
2008
|
| Materias: | |
| Etiquetas: |
Sin Etiquetas, Sea el primero en etiquetar este registro!
|
MARC
| LEADER | 00000nam a22000003a 4500 | ||
|---|---|---|---|
| 001 | stu163709 | ||
| 005 | 20141123023419.5 | ||
| 008 | 080520s2008----------------------------d | ||
| 020 | |a 978-80-88966-63-0 | ||
| 040 | |a STU |b slo | ||
| 041 | 0 | ||
| 245 | |a Sadzobník pre navrhovanie ponukových cien projektových prác a inžinierskych činností : |b Novela 2008 | ||
| 260 | |a Bratislava : |b UNIKA, |c 2008 | ||
| 300 | |a 205 s | ||
| 650 | 7 | |a odborná literatúra architekta |2 stusub | |
| 996 | |b 284AU04074 |c A*6058 U |l AAKNST |s P |a 0 |w stu163709_0001 | ||